MDQL
is popping MORE tags! Check the
thread
!
Quizzes
Events
Quiz Creation
Community
Videos
Private Events
Remove Ads
Sign In
Join for FREE
Feedback
Dark Mode
Quiz Categories
Sports
Geography
Music
Movies
Television
Just For Fun
Miscellaneous
History
Literature
Language
Science
Gaming
Entertainment
Religion
Holiday
For Kids
Quiz Lab
Recent
Popular Today
Quiz Kudos Today
Editor Picks
Curator Picks
Quizzes by...
Day
Popularity
Type
Ratings
Length
Year
Community
Subscriptions
Recent Discussions
Orange Saloon
Badges
Playlists
Quests
Create
Leaderboards
Showdown
Live 5
Trivia Bingo
Activity
Puzzle Library
Sporcle Events
Private Events
Virtual Trivia
Globe League
Become a Host
Pub Owners
SporcleCon
Opinionation
Our Games
Videos
Blog
Mobile Apps
Partnerships
Remove Ads and Go Orange
Feedback
Sports
Athletes
MLB
NBA
NHL
NFL
Soccer
Sports Teams
WWE
NCAA
Football
Premier League
Basketball
Baseball
Hockey
Golf
Tennis
Cricket
Rugby
Auto Racing
Olympics
World Cup
Sports
Athletes
MLB
NBA
NHL
NFL
Soccer
Sports Teams
WWE
NCAA
Football
Premier League
Basketball
Baseball
Hockey
Golf
Tennis
Cricket
Rugby
Auto Racing
Olympics
World Cup
Random Quiz
Search Sporcle
×
Quiz Lab
Quiz Lab
Sports
Formula 1
Type in answers that appear in a list
Type in answers that appear in a list
Classic
Best Score? Go Orange.
All wins of Alain Prost Stats
Can you name the all wins of Alain Prost?
By
Maxiu1151
9m
51 Questions
100 Plays
100 Plays
100 Plays
Comments
Comments
Give Quiz Kudos
Give Quiz Kudos
-
- Ratings
hide this ad
Replay
Link that replays current quiz
Next Quiz
Link to next quiz in quiz playlist
You Got
0%
They Got
Avg Score
81%
Avg Friend Score
Upgrade to see
Score Distribution
Jump to the score distribution portion of the page
Score
0/51
Timer
09:00
0
Plays Today
2nd placed driver
Where and when
% Correct
Nelson Piquet (BRA, Brabham)
France 1983
95%
Ayrton Senna (BRA, Toleman)
Monaco 1984
95%
Niki Lauda (AUT, McLaren)
Germany 1984
95%
John Watson (GBR, McLaren)
France 1981
94%
Keke Rosberg (FIN, Williams)
Brazil 1984
93%
Nelson Piquet (BRA, Brabham)
Italy 1985
93%
John Watson (GBR, McLaren)
Brazil 1982
92%
Patrick Tambay (FRA, Ferrari)
Belgium 1983
92%
Ayrton Senna (BRA, McLaren)
France 1988
92%
Alan Jones (AUS, Williams)
Italy 1981
91%
Michele Alboreto (ITA, Ferrari)
Monaco 1985
91%
Keke Rosberg (FIN, McLaren)
Monaco 1986
91%
Nelson Piquet (BRA, Brabham)
Great Britain 1983
89%
Michele Alboreto (ITA, Ferrari)
Brazil 1985
89%
Nelson Piquet (BRA, Williams)
Brazil 1987
89%
Stefan Johansson (SWE, McLaren)
Belgium 1987
89%
Gerhard Berger (AUT, Ferrari)
Brazil 1988
89%
Nigel Mansell (GBR, Ferrari)
France 1989
87%
Niki Lauda (AUT, McLaren)
Portugal 1984
86%
Michele Alboreto (ITA, Ferrari)
Great Britain 1985
86%
Nelson Piquet (BRA, Williams)
Australia 1986
86%
Gerhard Berger (AUT, Ferrari)
Monaco 1988
84%
Nigel Mansell (GBR, Williams)
Spain 1988
84%
René Arnoux (FRA, Ferrari)
Austria 1983
83%
Gerhard Berger (AUT, Ferrari)
Portugal 1987
83%
Carlos Reutemann (ARG, Williams)
South Africa 1982
82%
2nd placed driver
Where and when
% Correct
Gerhard Berger (AUT, Ferrari)
Italy 1989
82%
Michele Alboreto (ITA, Ferrari)
Europe 1984
80%
Ayrton Senna (BRA, Lotus)
Austria 1985
80%
Michele Alboreto (ITA, Ferrari)
Austria 1986
80%
Ivan Capelli (ITA, March)
Portugal 1988
80%
Nigel Mansell (GBR, Ferrari)
Great Britain 1989
80%
Riccardo Patrese (ITA, Williams)
United States 1989
79%
Gerhard Berger (AUT, McLaren)
Brazil 1990
79%
Ivan Capelli (ITA, Leyton House)
France 1990
79%
Michael Schumacher (GER, Benetton)
Germany 1993
79%
René Arnoux (FRA, Ferrari)
San Marino 1984
78%
Damon Hill (GBR, Williams)
France 1993
78%
Ayrton Senna (BRA, McLaren)
Australia 1988
77%
Nelson Piquet (BRA, Williams)
San Marino 1986
76%
Ayrton Senna (BRA, McLaren)
Mexico 1988
75%
Niki Lauda (AUT, McLaren)
Netherlands 1984
73%
Michael Schumacher (GER, Benetton)
Great Britain 1993
72%
Thierry Boutsen (BEL, Williams)
Great Britain 1990
71%
Nigel Mansell (GBR, Ferrari)
Spain 1990
71%
Nelson Piquet (BRA, Brabham)
Netherlands 1981
70%
Ayrton Senna (BRA, McLaren)
Spain 1993
68%
Nigel Mansell (GBR, Ferrari)
Mexico 1990
65%
Michael Schumacher (GER, Benetton)
Canada 1993
65%
Ayrton Senna (BRA, McLaren)
South Africa 1993
62%
Michael Schumacher (GER, Benetton)
San Marino 1993
58%
Quiz Playlist
Details
Report
Send in Message
Add To Playlist
Classic:
Type in answers that appear in a list
Last Updated: May 28, 2017
Quiz Scoreboard
CHALLENGE
Sign Up to Join the Scoreboard
Show All
Scores
Hide
Comments
May contain spoilers
Recently Published
Image Sorting: Flags VI
by Barbecue
Geography
2m
Find the 'City' Movie
by crazypaving
Movies
60s
Colored Red Africa Blitz
by spor1
Geography
45s
More to Explore
Quiz From the Vault
Featured Blog Post
14 Easter Pick-up Lines to Find Eggs With
hide this ad
You Might Also Like...
Tags
Formula 1
Today's Top Quizzes in Sports
Browse Sports
hide this ad
Today's Top Quizzes in Formula 1
Browse Formula 1
Top Contributed Quizzes in Sports
1
Les meilleurs buteurs des matchs entre le PSG et l’OM
2
Les entraîneurs de l'OM et du PSG au 21e siècle
3
Les joueurs passés par le PSG et l'OM
4
2022 World Cup Stars
5
Players with Multiple 50 Home Run Seasons
6
Criteria MLB: Left Handed Sluggers
7
Les joueurs passés par le LOSC et le RC Lens
8
NBA Logic Puzzle 2.0
9
MLB Players with Two .350 Batting Average Seasons
10
FIFA Club World Cup Champions
Explore More
Trending Topics
Kpop
Harry Potter
Marvel
Disney
NBA
Crossword
Anime
NFL
Song
Soccer
Country
Pokémon
WWE
The Office
Puzzle
hide this ad
More By:
Maxiu1151
Quiz
Plays
Rating
Category
Featured
Created
F1 2021 drivers
2,483
4.00
Sports
Dec 18, 2020
London Underground/Tube stations Part 2
477
4.00
Geography
Sep 9, 2017
Metro/U-Bahn Vienna Stations
476
5.00
Geography
Sep 9, 2017
Vienna Districts/Wien Bezirke Map
466
5.00
Geography
Sep 26, 2017
F1 2022 drivers
423
5.00
Sports
Jul 4, 2022
Go to Creator's Profile
Score Distribution
Quiz Creator Spotlight
Maxiu1151
Follow
Send a Message
Quizzes Created
-
Created Quiz Play Count
-
More By This Creator
Popular Quizzes Today
1
Colored Red Africa Blitz
2
Find the US States - No Outlines Minefield
3
Find the 'City' Movie
4
5x2 Blitz: Bands
5
The Countries of the World
6
Find the US States
7
Find the Countries of Europe - No Outlines Minefield
8
US States
More Sports Quizzes
Man United's Super Strikers
Quiz Lab
Trending Quizzes
Colored Red Europe Blitz I
Colored Red Europe Blitz II
Colored Red Africa Blitz II
Colored Red Europe Blitz III
Colored Red Africa Blitz III
Recently Updated
How Do You Spell That?
pecheneg
Godzilla Movies
pecheneg
Grab Bag: 4-10 Letters
pecheneg
2024 March Madness Bracket
pecheneg
Famous TV Couples
Peacemaker
Champions League XIs: Real Madrid
pecheneg
Largest US Cities 1790-2010
pecheneg
Rides in Walt Disney World
pecheneg
Most Oscar Losses (Acting)
pecheneg
Beyoncé Albums
pecheneg
Trending Topics
Kpop
Anime
Disney
NBA
Harry Potter
Crossword
Marvel
Country
Pokémon
NFL
Song
The Office
Soccer
WWE
Puzzle
Your Account Isn't Verified!
In order to create a playlist on Sporcle, you need to verify the email address you used during registration. Go to your
Sporcle Settings
to finish the process.
Report this User
Report this user for behavior that violates our
Community Guidelines
.
Details:
Send Report
Go to the Sporcle.com Mobile Site →
Comments